Three Letter Geography #2 - Statistics

General Stats
  • This quiz has been taken 58 times
  • The average score is 10 of 20
Answer Stats
Description Answer % Correct
Notable structure nearby Siem Reap Angkor {Wat}
87%
Emu
84%
Go outside and look up. What is there? sky
82%
Nigerian city one may confusea Swedish band with Aba
76%
Body of water Jeddah faces (two words) Red
73%
French for island Île
67%
New England cape, home of JFK Cod
62%
Sea
60%
Montenegran city, synonymous with 'pub' Bar
51%
Million city of Russia, beginning with U Ufa
44%
Million city of Iran, beginning with Q Qom
42%
Three 3-letter U.S. state abbreviationsthat combine to form the name of a city in Texas and Arkansas tex
40%
ark
38%
English shire, also the first name of a Marxist revolutionary {Che}shire
38%
Arabic for house (hint: a Tanzanian city) Dar
36%
Australasian flightless birds,one extinct, one alive Moa
33%
Notable palindromic island in the Adriatic Krk
31%
ana
25%
Drive to the largest lake fully in Turkey Van
24%
Cathedral city of 20,000 near Cambridge Ely
20%
No matching quizzes found
Score Distribution
Percent of People with Each Score
Percentile by Number Answered
Your Score History
You have not taken this quiz